Obrim l'Arxiu de la Diputació de Barcelona [Enregistrament de vídeo] : una mirada a la nostra història (1812 - 1931) una mirada a la nostra història (1812 - 1931)
Descripción Física:
1 disc òptic (DVD) ca. 4 min : col., so
MARC
| LEADER | 00000ngm a2200000 a 4500 | ||
|---|---|---|---|
| 001 | 19869 | ||
| 003 | Arxiu | ||
| 005 | 20260324180019.0 | ||
| 008 | 160829s2008 xx 000 0 cat d | ||
| 080 | |a CD-1-96 | ||
| 110 | 1 | |a Barcelona (Catalunya : Província). |b Diputació |9 52408 | |
| 245 | |a Obrim l'Arxiu de la Diputació de Barcelona [Enregistrament de vídeo] : |b una mirada a la nostra història (1812 - 1931) | ||
| 260 | |a Barcelona : |b la Diputació, |c 2008 | ||
| 300 | |a 1 disc òptic (DVD) ca. 4 min : |b col., so | ||
| 590 | |a Audiovisual que forma part de l'interactiu de l'exposició, celebrada del dia 2 fins el 20 d'abril de 2008 a Can Serra (Rambla, 126) | ||
| 610 | 1 | 0 | |a Arxiu General de la Diputació de Barcelona |x Exposicions |
| 610 | 2 | 0 | |a Arxiu General de la Diputació de Barcelona |v Exposicions |9 55932 |
| 710 | 1 | |a Arxiu General de la Diputació de Barcelona |9 52704 | |
| 901 | |a Arxiu | ||
| 942 | |n 1 |2 udc | ||
| 952 | |0 0 |1 0 |4 0 |6 CD196 |7 1 |9 51641 |a Arxiu |b Arxiu |d 2016-12-01 |l 0 |o CD-1-96 |p 19869 |r 2016-12-01 00:00:00 |w 2016-12-01 |y ARXIU | ||
| 999 | |c 55486 |d 55486 | ||